Bonjour en 15 langues - Statistiques

Statistiques générales
  • Ce quiz a été pris 229 fois
  • Le résultat moyen est 5 sur 15
Statistiques - réponses
Langues Traduction % Correct
Anglais Hello
100%
Espagnol Hola
92%
Néerlandais Hallo
60%
Allemand Guten Tag
57%
Arabe Salam
55%
Italien Ciao / Buongiorno
51%
Chinois ( mandarin ) Ni hao
35%
Japonais Konnichiwa
30%
Portugais Olá
25%
Turc Merhaba
9%
Hindi Namaste
9%
Suédois Hej
7%
Russe Privet
7%
Coréen Annyeonghaseyo
3%
Serbe Zdravo / Dobar Dan
3%
Aucun quiz correspondant
Distribution des résultats
% des personnes avec chaque résultat
Percentile par nombre de réponses
Votre historique - résultats
Vous n’avez pas pris ce quiz